Germany's Textile Complex under the MFA Making it under Protection and Going International

Saved in:
Bibliographic Details
Main Author: Spinanger, Dean
Other Authors: Piatti, Laura
Format: Book
Language:English
Published: Kiel Institut für Weltwirtschaft 1994
Series:Kiel Working Paper No.651
Subjects:
Tags: Add Tag
No Tags, Be the first to tag this record!

MARC

LEADER 00000nam a2200000 4500
001 c010668
005 20250521092939.6
041 0 |a eng 
044 |a DE 
245 1 0 |a Germany's Textile Complex under the MFA  |b Making it under Protection and Going International  |c Dean Spinanger, Laura Piatti 
264 1 |a Kiel  |b Institut für Weltwirtschaft  |c 1994 
300 |a 30 s. 
490 1 |a Kiel Working Paper  |v No.651 
830 0 |a Kiel Working Paper  |v No.651 
610 2 0 |a priemysel textilný 
610 2 0 |a priemysel odevný 
610 2 0 |a spolupráca hospodárska medzinárodná 
610 2 0 |a Nemecko 
610 2 0 |a MFA 
100 1 |a Spinanger, Dean 
700 1 |a Piatti, Laura